000 00668cam a2200193 i 4500
005 20260129095910.0
008 250721s2004 jo gr 000 0 ara d
082 1 4 _a371.11
_bع ق ل
100 1 _aعقل، خالد زكي
_eمؤلف.
245 1 2 _aالمعلم بين النظرية و التطبيق /
_cتأليف خالد زكي عقل.
250 _aالطبعة الأولى.
264 3 1 _aعمان :
_bمكتبة دارالثقافة للنشر و التوزيع،
_c2004.
300 _a131 صفحة.
650 1 7 _aالمدرسون.
650 1 7 _aالتعليم.
650 1 7 _aالتدريس.
942 _2ddc
_cBK
999 _c93380
_d93380